000 00410nam a22001697a 4500
003 CEME
005 20210628203604.0
008 210202b xxu||||| |||| 00| 0 eng d
040 _c.
082 _a891.4393 UME
100 _aOmera Ahmed
_966418
245 _aSehar aik istiarah hay
260 _aLAHORE
_bSAGAR PUBLICATIONS
_c2002
300 _a192P
650 _aURDU ADAB-NOVEL
_920918
942 _cBK
_2ddc
999 _c574392
_d574392